Personnalités nées en Charente-Maritime par images - Statistiques

Statistiques générales
  • Ce quiz a été pris 61 fois
  • Le résultat moyen est 3 sur 11
Statistiques - réponses
Par images Réponse % Correct
Bruno Guillon
73%
Dominique Rocheteau
61%
Fabien Olicard
57%
Bernard Giraudeau
27%
Colette Besson
25%
Jean-Louis Foulquier
16%
Pierre Bergé
13%
Christian Bujeau
11%
Samuel de Champlain
7%
Patrick Chassé
5%
William Bouguereau
4%
Aucun quiz correspondant
Distribution des résultats
% des personnes avec chaque résultat
Percentile par nombre de réponses
Votre historique - résultats
Vous n’avez pas pris ce quiz